1154 1486 1914 1463 1110 1627 1136 1520 1800 1954 1221 1622 1039 1581 1358 1344 1324 1409 1773 1477 1420 1349 1711 1389 1609 1451 1038 1751 1508 1924 1095 1379 1098 1658 1660 1755 1238 1636 1973 1458 1367 1411 1982 1484 1493 1356 1676 1009 1523 1645 1802 1262 1503 1988 1923 1055 1356 1696 1629 1828 1587 1712 1918 1036 1387 1623 1080 1228 1783 1057 1663 1996 1581 1356 1871 1332 1367 1720 1764 1725 1438 1340 1232 1100 1784 1722 1272 1465 1408 1062 1004 1736 1438 1656 1212 1354 1730 1168 1262 BCNSPRNW ULIB Ver.6.0+V

เปลี่ยนเป็นภาษาไทย

Change to English
 แสดงรายละเอียดบรรณานุกรม
  กลับหน้าหลัก

Brief Record : Get Marc (ISO 2709) : E-mail record : QR code < ปิดหน้าต่าง
LEADER : 00000nam 2200000uu 4500
001    13399120633
003     ULIB
008    121001s2549||||th 000 0 tha d
020    ^a9789749869628
050 04 ^aA^bน624W
100 0  ^aนิภาพัชร์ ปิ่นสุวรรณ
245 10 ^aWhat? รู้รอบเรื่องน่าทึ่งของโลก /^cนิภาพัชร์ ปิ่นสุวรรณ
250    ^aพิมพ์ครั้งที่ 2
260    ^aกรุงเทพฯ :^bอักษรเจริญทัศน์,^c2549
300    ^a191 หน้า :^bภาพประกอบ
440  0 ^aหนังสือเสริมการเรียนรู้ ชุด สรรพ์สาระของโลก
650  7 ^aความรู้ทั่วไป
650  7 ^aรวมเรื่อง
650  7 ^aโลก
945    ^p170^l0^i24862
995    ^aทศพร
999    ^aทศพร เกษรทอง
รายการนี้ยังไม่มีแท็ก
คุณยังไม่ได้ล็อกอิน คุณสามารถมีกิจกรรมร่วมกับเว็บไซต์ได้ แต่ต้องล็อกอินก่อน ::
  ล็อกอิน

รายการสื่อสารสนเทศ

ลำดับที่ ประเภท เลขเรียก/บาร์โค้ด สถานที่ สถานะ
1. วิทยาศาสตร์การแพทย์ และสุขภาพ
วิทยาศาสตร์การแพทย์ และสุขภาพ
A น624W  
  Barcode: 24862
ห้องสมุดวิทยาเขตสวรรค์ประชารักษ์
►หนังสือทั่วไป
บนชั้น

รายการใกล้เคียง
    ผู้แต่ง [นิภาพัชร์ ปิ่นสุวรรณ]

    หัวเรื่อง [ความรู้ทั่วไป]
    หัวเรื่อง [รวมเรื่อง]
    หัวเรื่อง [โลก]

BibComment


ยังไม่เคยถูกคอมเมนท์

คอมเมนท์ทรัพยากรรายการนี้
  คอมเมนท์: What รู้รอบเรื่อ..


 Copyright 2026. Bcnsprnw @Library